| 000 | 00515nam a2200145 i 4500 | ||
|---|---|---|---|
| 001 | 51608 | ||
| 003 | ES-MaACL | ||
| 007 | t| | ||
| 008 | 030814s1907 sp ||||1| spa d | ||
| 100 | 1 |
_aChias y Carbó, Benito. _938472 |
|
| 245 | 1 | 0 |
_aMapa del Imperio de Marruecos (Moghrel el aksá) _b: trazado a la vista de los datos más recientes / _cpor Benito Chias y Carbó. |
| 260 |
_aBarcelona : _bEstablecimiento Editorial de Alberto Martín, _c1907. |
||
| 500 | _aEscala de 1 x 3.000.000. | ||
| 852 |
_aES-MaACL _jG-10072 |
||
| 999 |
_c51608 _d51608 |
||